000 nam a22 7a 4500
999 _c336438
_d336438
003 IT-MiCISF
005 20170209151845.0
008 170209b xxu||||| |||| 00| 0 eng d
040 _aIT-MiCISF
_cIT-MiCISF
041 _ait
100 _aHollins Sheila
_956193
210 _aIntams Review
222 _a13706020
245 _aThe challenges faced by people with intellectual disabilities and their families
260 _c2015
300 _app. 86-94
310 _asemestrale
362 _avol. 21, n. 1
500 _ahandicap, famiglia-con-handicap, società
650 _ahandicap
_956194
654 _aarticolo
700 _aLodge Keri-Michèle
_956195
942 _2ddc
_cCR